Statistics for Ultimate Once Upon A Time TEST [part 1]

Click here to take the quiz!

General Stats

  • This quiz has been taken 635 times
  • The average score is 11 of 18

Answer Stats

HintAnswer% Correct
Who gave Henry the book?Mary Margaret
98%
Who does the credit card that Henry steals belong to?Mary Magaret
97%
Who first talks to Rumple?Snow White
96%
What Fairy tale do we first see?Snow White and the Seven dwarfs
96%
What color dress is Emma wearing when we first see her?Pink
94%
What color candle does Emma put in her Cupcake?Blue
90%
Where does Emma's son Henry live?Storybrook
85%
What's the Sheriff's name from Episode 1?Graham
80%
What character do we first see in Episode 1?Prince Charming
69%
What time is the clock in storybrook stuck on?8:15
63%
What does Emma drive?Yellow Bug
52%
Where does Emma stay?Granny's
46%
What does Emma wish for when she blows out her candle?Not to be alone
43%
What is the last thing to happen in Season 1 epsiode 1?Time starts
25%
Where did the wardrobe take Emma?Side of the Street
12%
What street does the mayor and henry live on?Mifflin Street
7%
What is Emma's license plate number?836 M4X
5%
What is Emma's superpower?If someone is lying
1%

Score Distribution

Percentile by Number Answered

Percent of People with Each Score

Your Score History

You have not taken this quiz